Zvyšovanie veľkostných podmienok na povinnosť overenia účtovnej závierky audítorom

Povinnosť overenia účtovnej závierky audítorom vrátane podmienok, ktoré účtovná jednotka musí splniť ustanovuje § 19 zákona č. 431/2002 Z. z. o účtovníctve v z. n. p. (zákon o účtovníctve). Podmienky na posúdenie povinnosti overenia účtovnej závierky audítorom. Novela zákona o účtovníctve prijatou v...

Descrizione completa

Salvato in:
Dettagli Bibliografici
Autore principale: Gášpárová, Eva
Natura: Capitolo di libro
Lingua:slovacco
Soggetti:
Tags: Aggiungi Tag
Nessun Tag, puoi essere il primo ad aggiungerne!!

MARC

LEADER 00000naa a2200000 4500
001 0269613
005 20201110091700.5
041 0 |a slo 
044 |a SK 
245 1 0 |a Zvyšovanie veľkostných podmienok na povinnosť overenia účtovnej závierky audítorom  |c Eva Gášpárová 
520 |a Povinnosť overenia účtovnej závierky audítorom vrátane podmienok, ktoré účtovná jednotka musí splniť ustanovuje § 19 zákona č. 431/2002 Z. z. o účtovníctve v z. n. p. (zákon o účtovníctve). Podmienky na posúdenie povinnosti overenia účtovnej závierky audítorom. Novela zákona o účtovníctve prijatou v rámci podnikateľského kilečka zákona č. 198/2020 Z. z. ako zlepšenie podnikateľského prostredia zasiahnutým opatreniami na zamedzenie šírenia COVID-19. 
610 2 0 |a účtovníctvo podvojné 
610 2 0 |a závierka účtovná 
610 2 0 |a audítori 
610 2 0 |a koronavírus 
100 1 |a Gášpárová, Eva